000 00298nam a22001337a 4500
008 170401b xxu||||| |||| 00| 0 eng d
020 _a9780321559579
041 _aeng
080 _27TH
_a617
100 _a8
101 _aSHM
245 _aELEMENTS OF ECOLOGY
_cSMITH, TH.M
942 _2udc
_cBK
999 _c9392
_d9392